Z jakiego powodu zatrzymujesz się podczas dalekiej podróży samochodem? - Statystyki

Ogólne statystyki
  • Ten quiz został rozwiązany 10 razy
  • Średni wynik to 2 z 5
Statystyki odpowiedzi
Odpowiedź % Poprawnych
Zatankować
67%
Skorzystać z toalety
50%
Zjeść coś
33%
Odpocząć
17%
Na kawę
0%
Nie znaleziono quizów pasujących do podanych kryteriów
Rozkład punktacji
Procent ludzi z każdym wynikiem
Percentyl według liczby udzielonych odpowiedzi
Twoja historia wyników
Nie rozwiązałeś tego quizu